000 00442nam a22001697a 4500
003 OSt
005 20260206060057.0
008 260206b |||||||| |||| 00| 0 eng d
020 _a978-4165-0026-1
040 _aDWCL-Main Lib
_cOC
082 _aFic. H895 2005
100 _aHugo, Victor
245 _aLes Miserables
260 _aNew York :
_bSimon & Schuster Paperbacks,
_cc2005
300 _a630 p. ;
_c17 cm.
942 _2ddc
_cFIC.
_mFic
_n0
999 _c8314
_d8314